Presidential Candidates over 48% Quiz Stats

 Plays Quiz Updated Jan 1, 2017

Challenge
Share
Tweet
Embed
Score 0/10 Timer 04:00
0 Plays Today
Percentage Candidate % Correct
48.2%Hillary Clinton
97.1%
48.4%Al Gore
96.7%
49.6%Richard Nixon
63%
48.3%John Kerry
52.1%
48.0%Gerald Ford
38.8%
48.6%Grover Cleveland
30.2%
51.0%Samuel J. Tilden
24.4%
48.1%Henry Clay
13.4%
48.2%James G. Blaine
8%
48.2%Winfield Hancock
6.4%

You're not logged in!

Compare scores with friends on all Sporcle quizzes.
Join for Free
OR
Log In

You Might Also Like...

Show Comments

Extras

Top Quizzes Today


Score Distribution

Your Account Isn't Verified!

In order to create a playlist on Sporcle, you need to verify the email address you used during registration. Go to your Sporcle Settings to finish the process.

Report this User

Report this user for behavior that violates our Community Guidelines.

Details: